000 00509nam a2200205Ia 4500
003 OSt
005 20250813120746.0
008 250729s2004 xx 000 0 und d
020 _a9788183240123
040 _cAL
041 _aeng
082 _a370 SHUL
100 _aSharma S K
_9221242
245 _aEncyclopedia of higher education Vol - I
260 _aNew Delhi
_bSumith Enterprises
_c2004
300 _a184p
650 _aEducation
_9221243
700 _aSharma Usha
_9221244
942 _2ddc
_cBED
999 _c234921
_d234921